000 00925cam a22002531 4500
001 45271
003 BD-RjUL
005 20211209054005.0
008 160724s1961 pk 001 0 eng
035 _a(BD-RjUL)45389
040 _aDLC
_cDLC
_dDLC
_dBD-RjUL
_beng
041 _aeng
082 0 0 _a344.5491021
_bHUW 1961
100 1 _aSethi, R. B.
_99621
245 1 4 _aThe Workmen's compensation act, 1923 (VIII of 1923) /
_bWith central and states rules, allied laws and useful appendices and commentaries on fatal accidents act /
_cR. B. Sethi
250 _a2nd edi.
260 _aLahore:
_bPakistan Law Times Publications,
_c1961
300 _aviii, 731 p.;
_c25 cm.
504 _aIncludes index
650 0 _aWorkers' compensation
_xLaw and legislation
_zPakistan.
_99622
710 1 _aPakistan.
_kLaws, statutes, etc.
_tThe Workmen's compensation act.
_99623
942 _2ddc
_cBK
999 _c45271
_d45271